000 00696nam a2200289Ia 4500
005 20260324115813.0
008 008 260324s9999 xx 000 0 eng d
020 _a9780429257759
037 _aEBOOK
040 _aCRL
040 _beng
040 _cCRL
041 _2eng
041 _aeng
084 _qCRL
100 _aDavid Visco
_91156075
245 0 _a5S Made Easy
245 2 _bA Step-by-Step Guide to Implementing and Sustaining Your 5S Program
260 _bTaylor and Francis
260 _c2016
365 _a
365 _b300
856 _uhttp://www.taylorfrancis.com/books/9780429257759
942 _cEBOOK
999 _c1747213
_d1747213